BIBLIOTECA

SENCICO

Análisis y gestión energética de edificios : Métodos , proyectos y sistemas de ahorro energético (Registro nro. 2034)

Detalles MARC
000 -LEADER
fixed length control field 00855nam a2200229Ia 4500
005 - DATE AND TIME OF LATEST TRANSACTION
control field 20251020182530.0
008 - FIXED-LENGTH DATA ELEMENTS--GENERAL INFORMATION
fixed length control field 200515s9999 xx 000 0 und d
082 ## - DEWEY DECIMAL CLASSIFICATION NUMBER
Classification number 696/C59
100 ## - MAIN ENTRY--PERSONAL NAME
Personal name CLARK, William H.
245 #0 - TITLE STATEMENT
Title Análisis y gestión energética de edificios : Métodos , proyectos y sistemas de ahorro energético
260 ## - PUBLICATION, DISTRIBUTION, ETC.
Place of publication, distribution, etc. Madrid
260 ## - PUBLICATION, DISTRIBUTION, ETC.
Date of publication, distribution, etc. 1998
500 ## - GENERAL NOTE
General note 1 ejemplar
520 ## - SUMMARY, ETC.
Summary, etc. Introducción a los aspectos más prácticos del ahorro y conservación de la energía. Estás técnicas de análisis y gestión son cada vez más importantes debido a la elevación de precios de las fuentes energéticas, la mayor competitividad que se demanda, la pr
650 ## - SUBJECT ADDED ENTRY--TOPICAL TERM
Topical term or geographic name entry element AIRE ACONDICIONADO
650 ## - SUBJECT ADDED ENTRY--TOPICAL TERM
Topical term or geographic name entry element CALEFACCION
650 ## - SUBJECT ADDED ENTRY--TOPICAL TERM
Topical term or geographic name entry element ILUMINACION
650 ## - SUBJECT ADDED ENTRY--TOPICAL TERM
Topical term or geographic name entry element LIB
650 ## - SUBJECT ADDED ENTRY--TOPICAL TERM
Topical term or geographic name entry element REFRIGERACION
650 ## - SUBJECT ADDED ENTRY--TOPICAL TERM
Topical term or geographic name entry element VENTILACION
942 ## - ADDED ENTRY ELEMENTS (KOHA)
Koha item type Libros
Existencias
Fecha de la última vez que lo usaron Pago total Signatura topográfica completa Código de barras Precio efectivo desde Tipo de documento Estado perdido Estado dañado No es para préstamo Retirado Ubicación permanente Ubicación actual Fecha de adquisición
15/05/2020   696/C59 Bib-Lima15052034 15/05/2020 Libros         Biblioteca Central Lima Biblioteca Central Lima 15/05/2020